[Event "PokerStars Masters 2nd"]
[Site "Douglas"]
[Date "2015.10.11"]
[Round "9.6"]
[White "L'Ami, Erwin"]
[Black "Granda Zuniga, Julio E"]
[Result "1/2-1/2"]
[WhiteElo "2619"]
[BlackElo "2667"]
[PlyCount "69"]
[EventDate "2015.10.03"]
[EventType "swiss"]
[EventRounds "9"]
[EventCountry "IOM"]
[SourceTitle "twic1065-1099"]
[Source "Mark Crowther"]
[SourceDate "2015.12.04"]
[SourceVersion "1"]
[SourceVersionDate "2015.12.04"]
[SourceQuality "1"]

1. d4 Nf6 2. c4 e6 3. Nc3 Bb4 4. Qc2 c5 5. dxc5 O-O 6. a3 Bxc5 7. Nf3 Be7 8.
Bg5 h6 9. Bh4 d6 10. Rd1 Nbd7 11. Bg3 Qb6 12. e3 Rd8 13. Be2 a5 14. Nd4 Nc5 15.
Ndb5 a4 16. O-O Ne8 17. Rd4 Bd7 18. Rfd1 Bxb5 19. cxb5 Qa5 20. e4 Bf6 21. Rc4
Bxc3 22. Rxc3 b6 23. f3 Rac8 24. Bf1 Rd7 25. Bf2 Rdc7 26. Qd2 Qa8 27. Qe3 Rd7
28. Qf4 Rcd8 29. Qc1 Qa7 30. Kh1 Rc8 31. Qc2 Rcd8 32. Bh4 Rc8 33. Bf2 Rcd8 34.
Bh4 Rc8 35. Bf2 1/2-1/2

[Event "PokerStars Masters 2nd"]
[Site "Douglas"]
[Date "2015.10.11"]
[Round "9.7"]
[White "Donchenko, Alexander"]
[Black "Melkumyan, Hrant"]
[Result "1-0"]
[WhiteElo "2577"]
[BlackElo "2622"]
[PlyCount "163"]
[EventDate "2015.10.03"]
[EventType "swiss"]
[EventRounds "9"]
[EventCountry "IOM"]
[SourceTitle "twic1065-1099"]
[Source "Mark Crowther"]
[SourceDate "2015.12.04"]
[SourceVersion "1"]
[SourceVersionDate "2015.12.04"]
[SourceQuality "1"]

1. Nf3 Nf6 2. c4 c5 3. Nc3 Nc6 4. g3 g6 5. Bg2 Bg7 6. d4 cxd4 7. Nxd4 O-O 8.
O-O d6 9. Nxc6 bxc6 10. Bxc6 Rb8 11. Bg2 Qa5 12. Qc2 Bf5 13. e4 Be6 14. b3 Nxe4
15. Nxe4 Bxa1 16. Bg5 Bf5 17. Bxe7 Rfe8 18. Bxd6 Rbd8 19. b4 Qa3 20. Bc7 Rc8
21. Rxa1 Bxe4 22. Bxe4 Qxb4 23. Rb1 Qe7 24. Bc6 Rf8 25. Ba5 Rxc6 26. Bb4 Qe5
27. Re1 Qf6 28. Bxf8 Kxf8 29. Qc1 Kg7 30. Re8 h5 31. Qa3 Qd6 32. Qc3+ Qf6 33.
Qb4 Qd6 34. Qc3+ Qf6 35. Qb4 Qd6 36. Rb8 Qxb4 37. Rxb4 Kf6 38. Ra4 a6 39. Ra5
h4 40. Kg2 Rxc4 41. Rxa6+ Kf5 42. a4 g5 43. a5 Ra4 44. Ra8 hxg3 45. hxg3 g4 46.
Ra7 f6 47. a6 Ra1 48. Ra8 Kg6 49. a7 Kg7 50. Kh2 Kh7 51. Rf8 Rxa7 52. Rxf6 Ra4
53. Kg2 Kg7 54. Rd6 Re4 55. Kf1 Kf7 56. Rh6 Kg7 57. Rh4 Ra4 58. f4 Ra1+ 59. Ke2
Ra2+ 60. Kd1 Kf6 61. Rxg4 Kf5 62. Rg5+ Ke4 63. Kc1 Rf2 64. Kb1 Kd4 65. f5 Kc3
66. g4 Rb2+ 67. Ka1 Rf2 68. Rg6 Rf4 69. Kb1 Kb3 70. Kc1 Kc3 71. Kd1 Kd3 72. Ke1
Ke3 73. Rg7 Kd3 74. Rg8 Ke3 75. Rg6 Kd3 76. Rg7 Ke3 77. Rg8 Kd3 78. Rf8 Rxg4
79. f6 Rd4 80. Kf2 Rf4+ 81. Kg3 Ke3 82. Re8+ 1-0

[Event "PokerStars Masters 2nd"]
[Site "Douglas"]
[Date "2015.10.11"]
[Round "9.8"]
[White "Greenfeld, Alon"]
[Black "Grandelius, Nils"]
[Result "1/2-1/2"]
[WhiteElo "2534"]
[BlackElo "2647"]
[PlyCount "61"]
[EventDate "2015.10.03"]
[EventType "swiss"]
[EventRounds "9"]
[EventCountry "IOM"]
[SourceTitle "twic1065-1099"]
[Source "Mark Crowther"]
[SourceDate "2015.12.04"]
[SourceVersion "1"]
[SourceVersionDate "2015.12.04"]
[SourceQuality "1"]

1. Nf3 d5 2. d4 Nf6 3. c4 e6 4. Nc3 Bb4 5. Bg5 dxc4 6. e4 c5 7. Bxc4 cxd4 8.
Nxd4 Bxc3+ 9. bxc3 Qa5 10. Nb5 Nxe4 11. Bf4 O-O 12. O-O Bd7 13. a4 Bc6 14. Bc7
b6 15. Re1 a6 16. Nd6 Qc5 17. Nxe4 Qxc4 18. Qg4 Bxe4 19. Be5 f6 20. Rxe4 h5 21.
Qh4 Qd3 22. Re3 Qf5 23. Bxb8 Raxb8 24. Qc4 b5 25. Qxe6+ Qxe6 26. Rxe6 bxa4 27.
Rxa6 Rfc8 28. R6xa4 Rxc3 29. Ra8 Rxa8 30. Rxa8+ Kh7 31. h4 1/2-1/2

[Event "PokerStars Masters 2nd"]
[Site "Douglas"]
[Date "2015.10.11"]
[Round "9.9"]
[White "Zumsande, Martin"]
[Black "Jones, Gawain C"]
[Result "1/2-1/2"]
[WhiteElo "2422"]
[BlackElo "2623"]
[PlyCount "158"]
[EventDate "2015.10.03"]
[EventType "swiss"]
[EventRounds "9"]
[EventCountry "IOM"]
[SourceTitle "twic1065-1099"]
[Source "Mark Crowther"]
[SourceDate "2015.12.04"]
[SourceVersion "1"]
[SourceVersionDate "2015.12.04"]
[SourceQuality "1"]

1. e4 e5 2. Nf3 Nc6 3. d4 exd4 4. Nxd4 Bb4+ 5. c3 Bc5 6. Be3 Bb6 7. Nf5 g6 8.
Bxb6 axb6 9. Ne3 Nf6 10. f3 O-O 11. c4 d5 12. cxd5 Nxe4 13. fxe4 Qh4+ 14. Kd2
Qxe4 15. Bd3 Qd4 16. Qb3 Re8 17. Re1 Ne5 18. Qc3 Qf4 19. Na3 Nxd3 20. Qxd3 Bf5
21. Rf1 Qb4+ 22. Qc3 Qxc3+ 23. bxc3 Rxa3 24. Nxf5 gxf5 25. Rxf5 Rea8 26. Raf1
Rxa2+ 27. Kd3 Rf8 28. Rg5+ Kh8 29. Rgf5 Rd8 30. c4 b5 31. Rxf7 bxc4+ 32. Kxc4
Rxg2 33. R1f2 Rxf2 34. Rxf2 Kg7 35. Rb2 b6 36. Re2 Kf7 37. Re6 Rd7 38. Rh6 Ke8
39. h4 Rf7 40. Kd4 Kd8 41. h5 Kc8 42. Ke5 Rd7 43. Re6 Kb8 44. Rf6 Kb7 45. Rc6
Rg7 46. Rh6 Ka6 47. Rc6 Rg5+ 48. Ke4 Kb7 49. Rh6 Rg7 50. Ke5 Rd7 51. Rc6 Rd8
52. Rh6 Re8+ 53. Re6 Rg8 54. Rh6 Rg7 55. Kf6 Rd7 56. Ke5 Kc8 57. Rf6 Re7+ 58.
Kd4 Kd7 59. Rh6 Rg7 60. Ke5 Ke8 61. Kd4 Kf8 62. Rc6 Re7 63. Rh6 Kg7 64. Rc6 Kg8
65. Rc1 Rg7 66. Rc6 Kf8 67. Ke5 Ke8 68. Rh6 Kd7 69. Kd4 Kc8 70. Ke5 Kb7 71. Kf6
Rd7 72. Ke5 b5 73. Kd4 Rd6 74. Rxh7 Kb6 75. Ke4 b4 76. Rg7 c6 77. dxc6 Kxc6 78.
Rg6 b3 79. Rxd6+ Kxd6 1/2-1/2

[Event "PokerStars Masters 2nd"]
[Site "Douglas"]
[Date "2015.10.11"]
[Round "9.10"]
[White "Sundararajan, Kidambi"]
[Black "Tiviakov, Sergei"]
[Result "1/2-1/2"]
[WhiteElo "2497"]
[BlackElo "2612"]
[PlyCount "163"]
[EventDate "2015.10.03"]
[EventType "swiss"]
[EventRounds "9"]
[EventCountry "IOM"]
[SourceTitle "twic1065-1099"]
[Source "Mark Crowther"]
[SourceDate "2015.12.04"]
[SourceVersion "1"]
[SourceVersionDate "2015.12.04"]
[SourceQuality "1"]

1. d4 Nf6 2. c4 e6 3. Nc3 Bb4 4. Qc2 O-O 5. Nf3 c5 6. dxc5 Na6 7. c6 bxc6 8. e3
d5 9. Be2 Ne4 10. O-O Nxc3 11. bxc3 Be7 12. Rd1 Qc7 13. Rb1 Nc5 14. Ba3 Bb7 15.
h3 Rac8 16. Nd4 Ne4 17. Bxe7 Qxe7 18. Bd3 Ba8 19. Ne2 Nf6 20. Ng3 g6 21. Qa4 e5
22. Qb4 c5 23. Qa3 dxc4 24. Bxc4 h5 25. Be2 e4 26. Rd2 Rc7 27. Rbd1 Nd7 28. Qa6
Nb6 29. a4 Qe5 30. Rd8 Nd5 31. Rxf8+ Kxf8 32. Bc4 Kg7 33. Bxd5 Bxd5 34. Ne2 Bb3
35. Rd8 Qe6 36. Rd6 Qe8 37. Nf4 Qe5 38. h4 Qxc3 39. Rxg6+ fxg6 40. Qxg6+ Kh8
41. Qxh5+ Rh7 42. Qe8+ Bg8 43. g4 Rf7 44. g5 Qg7 45. Nh5 Qb2 46. Nf4 Rxf4 47.
exf4 Qc1+ 48. Kg2 Qxf4 49. Qh5+ Bh7 50. Qe8+ Kg7 51. Qe7+ Qf7 52. Qxc5 Bg6 53.
Kg1 Kh7 54. Qe3 Qd7 55. h5 Bxh5 56. Qxe4+ Bg6 57. Qh4+ Kg7 58. Qf4 Bf5 59. Kh2
Kg6 60. Kg3 Qd3+ 61. Qe3 Qd6+ 62. f4 Qd7 63. a5 Kf7 64. Kf2 Qc7 65. Qb3+ Be6
66. Qb4 Bd5 67. Ke2 Qc2+ 68. Qd2 Qc5 69. f5 Qc4+ 70. Qd3 Qg4+ 71. Kd2 Qxg5+ 72.
Qe3 Qg2+ 73. Kc3 a6 74. Qd3 Qg7+ 75. Kc2 Qg2+ 76. Kc3 Qa2 77. Qxa6 Qa1+ 78. Kd2
Qb2+ 79. Ke3 Qe5+ 80. Kd2 Qf4+ 81. Kc3 Qxf5 82. Qa7+ 1/2-1/2

[Event "PokerStars Masters 2nd"]
[Site "Douglas"]
[Date "2015.10.11"]
[Round "9.11"]
[White "Timman, Jan H"]
[Black "Swayams, Mishra"]
[Result "0-1"]
[WhiteElo "2562"]
[BlackElo "2444"]
[PlyCount "74"]
[EventDate "2015.10.03"]
[EventType "swiss"]
[EventRounds "9"]
[EventCountry "IOM"]
[SourceTitle "twic1065-1099"]
[Source "Mark Crowther"]
[SourceDate "2015.12.04"]
[SourceVersion "1"]
[SourceVersionDate "2015.12.04"]
[SourceQuality "1"]

1. e4 e5 2. Nf3 Nc6 3. Bc4 Nf6 4. Ng5 d5 5. exd5 Na5 6. Bb5+ c6 7. dxc6 bxc6 8.
Bd3 Nd5 9. h4 Be7 10. Qf3 Nf6 11. Nc3 O-O 12. a3 Qc7 13. b4 Nb7 14. Nce4 Nxe4
15. Bxe4 h6 16. Bxc6 hxg5 17. hxg5 Bxg5 18. d4 Bxc1 19. Rxc1 Rd8 20. Qh5 Kf8
21. d5 Bd7 22. Bxb7 Qxb7 23. Qxe5 Kg8 24. Qh5 f6 25. c4 Re8+ 26. Kf1 Re5 27.
Qh7+ Kf7 28. f4 Bf5 29. Qh5+ Bg6 30. Qh3 Re4 31. Kg1 Qc8 32. Qc3 Qf5 33. d6
Rae8 34. c5 Qd5 35. Rh3 Re2 36. Qf3 Qd4+ 37. Kh2 Rxg2+ 0-1

[Event "PokerStars Masters 2nd"]
[Site "Douglas"]
[Date "2015.10.11"]
[Round "9.12"]
[White "Basso, Pier Luigi"]
[Black "Brunello, Sabino"]
[Result "0-1"]
[WhiteElo "2428"]
[BlackElo "2553"]
[PlyCount "60"]
[EventDate "2015.10.03"]
[EventType "swiss"]
[EventRounds "9"]
[EventCountry "IOM"]
[SourceTitle "twic1065-1099"]
[Source "Mark Crowther"]
[SourceDate "2015.12.04"]
[SourceVersion "1"]
[SourceVersionDate "2015.12.04"]
[SourceQuality "1"]

1. d4 Nf6 2. c4 e6 3. Nc3 Bb4 4. Qc2 c5 5. dxc5 O-O 6. Nf3 Na6 7. g3 Nxc5 8.
Bg2 b6 9. O-O Bb7 10. Nb5 Be4 11. Qd1 Nb7 12. a3 Be7 13. Nc3 Bc6 14. b4 Nd6 15.
Qb3 Rc8 16. Nd2 Bxg2 17. Kxg2 Qc7 18. Nb5 Qc6+ 19. Qf3 Nxb5 20. Qxc6 dxc6 21.
cxb5 cxb5 22. Ra2 Rfd8 23. Nf3 Ne4 24. Be3 Bf6 25. Rc1 Rc4 26. h3 h5 27. h4 Kh7
28. Ne1 Rxc1 29. Bxc1 Rd1 30. Nd3 Nc3 0-1

[Event "PokerStars Masters 2nd"]
[Site "Douglas"]
[Date "2015.10.11"]
[Round "9.13"]
[White "Van Foreest, Jorden"]
[Black "Vishnu, Prasanna V"]
[Result "1-0"]
[WhiteElo "2548"]
[BlackElo "2503"]
[PlyCount "79"]
[EventDate "2015.10.03"]
[EventType "swiss"]
[EventRounds "9"]
[EventCountry "IOM"]
[SourceTitle "twic1065-1099"]
[Source "Mark Crowther"]
[SourceDate "2015.12.04"]
[SourceVersion "1"]
[SourceVersionDate "2015.12.04"]
[SourceQuality "1"]

1. d4 Nf6 2. Nc3 d5 3. Bf4 g6 4. Qd2 Bg7 5. Bh6 O-O 6. Bxg7 Kxg7 7. f3 c5 8. e3
Qa5 9. g4 Rd8 10. g5 Ne8 11. h4 cxd4 12. exd4 Qc7 13. O-O-O Nc6 14. h5 Bf5 15.
hxg6 fxg6 16. Bh3 e6 17. Bxf5 exf5 18. Nh3 Kg8 19. Nf4 Qf7 20. Rh6 Rd7 21. Qh2
Qg7 22. Nxg6 hxg6 23. Rh1 Qxd4 24. Rh8+ Kf7 25. Qh7+ Ng7 26. Rxa8 Nd8 27. Qh2
Qe3+ 28. Kb1 d4 29. Ne4 fxe4 30. Rxd8 Rxd8 31. Qc7+ Ke6 32. Qxd8 Qxf3 33. Qg8+
Kd6 34. Re1 Ne6 35. Qxg6 e3 36. Qf6 Qg3 37. Rd1 e2 38. Rxd4+ Kc5 39. b4+ Kb5
40. Qf5+ 1-0

[Event "PokerStars Masters 2nd"]
[Site "Douglas"]
[Date "2015.10.11"]
[Round "9.14"]
[White "Hillarp Persson, Tiger"]
[Black "Tarjan, James Edward"]
[Result "1-0"]
[WhiteElo "2546"]
[BlackElo "2479"]
[PlyCount "119"]
[EventDate "2015.10.03"]
[EventType "swiss"]
[EventRounds "9"]
[EventCountry "IOM"]
[SourceTitle "twic1065-1099"]
[Source "Mark Crowther"]
[SourceDate "2015.12.04"]
[SourceVersion "1"]
[SourceVersionDate "2015.12.04"]
[SourceQuality "1"]

1. g3 c5 2. Bg2 g6 3. d3 Bg7 4. f4 Nc6 5. e4 d6 6. Nh3 e5 7. O-O Nge7 8. f5 f6
9. Be3 h5 10. fxg6 Bg4 11. Qd2 Qd7 12. Nf2 Be6 13. h3 O-O-O 14. Nc3 f5 15. exf5
Nxf5 16. Nfe4 Nxe3 17. Qxe3 Bh6 18. Qe1 Qg7 19. Rf6 Qe7 20. Qf2 Nd4 21. Rf1
Rhf8 22. Rf7 Bxf7 23. gxf7 d5 24. Nf6 Qxf7 25. Ncxd5 Bg7 26. c3 Bxf6 27. Nxf6
Nc6 28. Qxc5 Qe6 29. Ne4 Rxf1+ 30. Bxf1 Qxa2 31. b4 a6 32. Nd6+ Kb8 33. Bg2 Qe6
34. Ne4 Rd5 35. Qf8+ Rd8 36. Qf3 Qd5 37. Qxh5 Qxd3 38. Qh6 Ne7 39. Qf6 Qe3+ 40.
Kh2 Nc6 41. h4 Qe2 42. Qf7 Rc8 43. Kh3 Rc7 44. Qf8+ Ka7 45. Qc5+ Ka8 46. Qd6
Rc8 47. Qd7 Kb8 48. Qe6 Qh5 49. Nd6 Rc7 50. b5 Nd8 51. Qf6 Rd7 52. bxa6 bxa6
53. Nc4 e4 54. Ne5 Rd5 55. Qb6+ Kc8 56. Qxa6+ Kb8 57. Qb6+ Kc8 58. Nc4 Qf5+ 59.
Kh2 Qe6 60. Bh3 1-0

[Event "PokerStars Masters 2nd"]
[Site "Douglas"]
[Date "2015.10.11"]
[Round "9.15"]
[White "Boruchovsky, Avital"]
[Black "Williams, Simon Kim"]
[Result "1-0"]
[WhiteElo "2536"]
[BlackElo "2429"]
[PlyCount "131"]
[EventDate "2015.10.03"]
[EventType "swiss"]
[EventRounds "9"]
[EventCountry "IOM"]
[SourceTitle "twic1065-1099"]
[Source "Mark Crowther"]
[SourceDate "2015.12.04"]
[SourceVersion "1"]
[SourceVersionDate "2015.12.04"]
[SourceQuality "1"]

1. e4 e6 2. d4 d5 3. Nd2 Nf6 4. e5 Nfd7 5. Bd3 c5 6. c3 Nc6 7. Ne2 cxd4 8. cxd4
f6 9. exf6 Nxf6 10. Nf3 Bd6 11. O-O Qc7 12. Bg5 O-O 13. Bh4 Nh5 14. Qc2 h6 15.
Bh7+ Kh8 16. Bg6 Rxf3 17. Bxh5 Rf5 18. Bg4 Bxh2+ 19. Kh1 Bd6 20. Bxf5 exf5 21.
Rae1 Qf7 22. Bg3 Bb4 23. Rd1 Bd7 24. a3 Ba5 25. b4 Bb6 26. Rfe1 Re8 27. Nf4
Rxe1+ 28. Rxe1 g5 29. Qd2 gxf4 30. Bxf4 Kh7 31. a4 a5 32. b5 Ne7 33. Bxh6 Ng6
34. Bf4 Qg7 35. Rc1 Nh4 36. Bg5 Ng6 37. Rc3 Bxd4 38. Rc7 Be5 39. Rxb7 Bd6 40.
Be3 f4 41. Bd4 Qe7 42. Kg1 Kh6 43. Bc3 Qf7 44. Qd3 Bb4 45. Bxb4 axb4 46. a5 Qf5
47. Qb3 f3 48. Qe3+ Kh5 49. a6 Ne5 50. Rc7 b3 51. a7 b2 52. a8=Q b1=Q+ 53. Rc1
Ng4 54. Qh8+ Kg6 55. Qg8+ Kh5 56. Qgg5+ Qxg5 57. Qxg5+ Kxg5 58. Rxb1 Ne5 59. b6
Nc6 60. b7 Nb8 61. Ra1 d4 62. Ra8 d3 63. Rxb8 d2 64. Rg8+ Kf6 65. b8=Q d1=Q+
66. Kh2 1-0

[Event "PokerStars Masters 2nd"]
[Site "Douglas"]
[Date "2015.10.11"]
[Round "9.16"]
[White "Lampert, Jonas"]
[Black "Fridman, Daniel"]
[Result "1/2-1/2"]
[WhiteElo "2461"]
[BlackElo "2649"]
[PlyCount "61"]
[EventDate "2015.10.03"]
[EventType "swiss"]
[EventRounds "9"]
[EventCountry "IOM"]
[SourceTitle "twic1065-1099"]
[Source "Mark Crowther"]
[SourceDate "2015.12.04"]
[SourceVersion "1"]
[SourceVersionDate "2015.12.04"]
[SourceQuality "1"]

1. d4 Nf6 2. c4 e6 3. g3 d5 4. Nf3 Be7 5. Bg2 O-O 6. O-O dxc4 7. Ne5 c5 8. dxc5
Qc7 9. Nxc4 Qxc5 10. Qb3 Nc6 11. Nba3 Qh5 12. Qf3 Qxf3 13. exf3 e5 14. f4 exf4
15. Bxf4 Be6 16. Bd6 Rfe8 17. Rac1 Bd5 18. Nb5 Bxg2 19. Kxg2 Bxd6 20. Nbxd6 Re7
21. Rfd1 g6 22. Nxb7 Rxb7 23. Rd6 Nb4 24. Rxf6 Nxa2 25. Ra1 Nb4 26. Rb6 Rxb6
27. Nxb6 Rb8 28. Nd7 Rb7 29. Nc5 Rc7 30. Na6 Nxa6 31. Rxa6 1/2-1/2

[Event "PokerStars Masters 2nd"]
[Site "Douglas"]
[Date "2015.10.11"]
[Round "9.17"]
[White "Sengupta, Deep"]
[Black "Greet, Andrew"]
[Result "1-0"]
[WhiteElo "2580"]
[BlackElo "2455"]
[PlyCount "123"]
[EventDate "2015.10.03"]
[EventType "swiss"]
[EventRounds "9"]
[EventCountry "IOM"]
[SourceTitle "twic1065-1099"]
[Source "Mark Crowther"]
[SourceDate "2015.12.04"]
[SourceVersion "1"]
[SourceVersionDate "2015.12.04"]
[SourceQuality "1"]

1. e4 e6 2. d4 d5 3. Nc3 Bb4 4. e5 c5 5. a3 Bxc3+ 6. bxc3 Ne7 7. h4 Qa5 8. Bd2
Qa4 9. Qb1 Nbc6 10. Nf3 c4 11. h5 h6 12. g3 Bd7 13. Qb2 O-O 14. Bg2 b6 15. g4
f6 16. exf6 Rxf6 17. g5 hxg5 18. Bxg5 Rf7 19. h6 g6 20. h7+ Kh8 21. Ne5 Nxe5
22. dxe5 Raf8 23. Bf6+ Rxf6 24. exf6 Rxf6 25. Qc1 Qa5 26. Qe3 Nc6 27. Kf1 b5
28. Qh6 Qd8 29. Re1 Qf8 30. Qh4 Rf7 31. Qg3 Qg7 32. Bh3 Qf6 33. Bg4 Nd8 34. Rh2
Qf4 35. Qh3 Qg5 36. Re3 Rf4 37. Rf3 Nf7 38. Qg3 Rxf3 39. Qxf3 Qc1+ 40. Kg2 Qg5
41. Rh3 Qe7 42. Qg3 Be8 43. Qe3 e5 44. f4 Bc6 45. Bf3 g5 46. fxg5 Qxg5+ 47.
Qxg5 Nxg5 48. Rh5 Nxf3 49. Kxf3 d4+ 50. Ke2 dxc3 51. Rxe5 a5 52. Rc5 Bd7 53.
Kd1 a4 54. Kc1 Be6 55. Rxb5 Kxh7 56. Rb4 Kg7 57. Rxa4 Kf6 58. Ra5 Bg4 59. Rd5
Be2 60. a4 Ke6 61. Rd8 Ke7 62. Rd4 1-0

[Event "PokerStars Masters 2nd"]
[Site "Douglas"]
[Date "2015.10.11"]
[Round "9.18"]
[White "Pert, Richard G"]
[Black "Illingworth, Max"]
[Result "1/2-1/2"]
[WhiteElo "2450"]
[BlackElo "2517"]
[PlyCount "59"]
[EventDate "2015.10.03"]
[EventType "swiss"]
[EventRounds "9"]
[EventCountry "IOM"]
[SourceTitle "twic1065-1099"]
[Source "Mark Crowther"]
[SourceDate "2015.12.04"]
[SourceVersion "1"]
[SourceVersionDate "2015.12.04"]
[SourceQuality "1"]

1. d4 d5 2. c4 e6 3. Nc3 Nf6 4. cxd5 exd5 5. Bg5 c6 6. e3 Bf5 7. Bd3 Bxd3 8.
Qxd3 Be7 9. Nf3 Nbd7 10. O-O O-O 11. h3 Ne4 12. Bf4 f5 13. Bh2 Bd6 14. Bxd6
Nxd6 15. Ne2 Qe7 16. Qa3 Rfe8 17. Nf4 a5 18. Nd3 Qe6 19. Rac1 Nf7 20. Nc5 Nxc5
21. Rxc5 a4 22. Qb4 Qe7 23. Ne1 Ng5 24. Nd3 Ne6 25. Rc3 Qxb4 26. Nxb4 f4 27.
Nc2 g5 28. Re1 Kf7 29. Kf1 h5 30. Ra3 1/2-1/2

[Event "PokerStars Masters 2nd"]
[Site "Douglas"]
[Date "2015.10.11"]
[Round "9.19"]
[White "Paehtz, Elisabeth"]
[Black "Vaisser, Anatoli"]
[Result "1/2-1/2"]
[WhiteElo "2447"]
[BlackElo "2515"]
[PlyCount "81"]
[EventDate "2015.10.03"]
[EventType "swiss"]
[EventRounds "9"]
[EventCountry "IOM"]
[SourceTitle "twic1065-1099"]
[Source "Mark Crowther"]
[SourceDate "2015.12.04"]
[SourceVersion "1"]
[SourceVersionDate "2015.12.04"]
[SourceQuality "1"]

1. e4 c5 2. Nf3 e6 3. d4 cxd4 4. Nxd4 Nf6 5. Nc3 Nc6 6. Ndb5 d6 7. Bf4 e5 8.
Bg5 a6 9. Na3 b5 10. Nd5 Be7 11. Bxf6 Bxf6 12. c4 b4 13. Nc2 Bg5 14. Be2 Rb8
15. b3 O-O 16. O-O a5 17. Qd3 Ne7 18. Nxe7+ Qxe7 19. Rfd1 Bb7 20. Bf3 f5 21.
Ne3 Bxe3 22. Qxe3 f4 23. Qb6 Bxe4 24. Qxd6 Qxd6 25. Rxd6 Bxf3 26. gxf3 a4 27.
Re1 axb3 28. axb3 Rf6 29. Rd5 Ra8 30. Rb5 Ra2 31. Rb8+ Kf7 32. Rb7+ Kg8 33.
Rb8+ Kf7 34. Rb7+ Kg8 35. Rxe5 h6 36. Re1 Rg6+ 37. Kf1 Rd6 38. Ree7 Ra1+ 39.
Re1 Ra2 40. Kg2 Rg6+ 41. Kf1 1/2-1/2

[Event "PokerStars Masters 2nd"]
[Site "Douglas"]
[Date "2015.10.11"]
[Round "9.20"]
[White "Tan, Justin"]
[Black "Arkell, Keith C"]
[Result "0-1"]
[WhiteElo "2445"]
[BlackElo "2505"]
[PlyCount "106"]
[EventDate "2015.10.03"]
[EventType "swiss"]
[EventRounds "9"]
[EventCountry "IOM"]
[SourceTitle "twic1065-1099"]
[Source "Mark Crowther"]
[SourceDate "2015.12.04"]
[SourceVersion "1"]
[SourceVersionDate "2015.12.04"]
[SourceQuality "1"]

1. e4 c6 2. d4 d5 3. exd5 cxd5 4. c4 Nf6 5. Nc3 g6 6. Qb3 Bg7 7. cxd5 O-O 8.
Nge2 b6 9. g3 Bb7 10. Bg2 Qd7 11. Bg5 Rd8 12. Bxf6 Bxf6 13. Rd1 Na6 14. Nf4 Nc7
15. O-O Rab8 16. Rfe1 Ba8 17. h4 b5 18. Ne4 Bg7 19. d6 exd6 20. Bh3 Qc6 21. Rc1
Qb7 22. Bg2 d5 23. Nc3 Re8 24. Nfxd5 Nxd5 25. Bxd5 Qd7 26. Bxa8 Rxa8 27. Qxb5
Rxe1+ 28. Rxe1 Qxd4 29. Re7 Rf8 30. Qe2 Qc5 31. Re3 Bd4 32. Rd3 Rd8 33. Kg2 Kg7
34. Ne4 Qd5 35. Qf3 Qe5 36. b3 h6 37. Nd2 Re8 38. Nc4 Qc5 39. Qf4 Bf6 40. Rf3
Re6 41. Rd3 Re2 42. Qf3 Rxa2 43. Rd7 Rxf2+ 44. Qxf2 Qc6+ 45. Qf3 Qxd7 46. Ne3
Qd2+ 47. Kh3 Qd3 48. g4 Qc3 49. Kg2 Qd2+ 50. Kh3 Bxh4 51. Nc4 Qf2 52. Qd3 Bf6
53. Qe4 Qd4 0-1

[Event "PokerStars Masters 2nd"]
[Site "Douglas"]
[Date "2015.10.11"]
[Round "9.21"]
[White "Gormally, Daniel"]
[Black "Afek, Yochanan"]
[Result "1-0"]
[WhiteElo "2500"]
[BlackElo "2252"]
[PlyCount "81"]
[EventDate "2015.10.03"]
[EventType "swiss"]
[EventRounds "9"]
[EventCountry "IOM"]
[SourceTitle "twic1065-1099"]
[Source "Mark Crowther"]
[SourceDate "2015.12.04"]
[SourceVersion "1"]
[SourceVersionDate "2015.12.04"]
[SourceQuality "1"]

1. d4 d5 2. c4 dxc4 3. Nf3 c5 4. e3 cxd4 5. Bxc4 e6 6. exd4 Nf6 7. O-O Be7 8.
Nc3 O-O 9. Re1 a6 10. Bg5 b5 11. Bb3 Bb7 12. Qd3 Nbd7 13. Bc2 g6 14. Bh6 Re8
15. Rad1 Qc7 16. Ne5 b4 17. Nb1 Nxe5 18. dxe5 Ng4 19. Bf4 Qc6 20. Qe4 Bc5 21.
Bg3 Red8 22. Qxc6 Bxc6 23. Rc1 b3 24. Bxb3 Bb4 25. Red1 Bb5 26. Rxd8+ Rxd8 27.
h3 Nh6 28. Bh4 Rb8 29. g4 Kf8 30. Nc3 Bc6 31. Ne2 Be4 32. Nd4 Ng8 33. Rc7 h6
34. f3 g5 35. Bf2 Ba5 36. Nxe6+ fxe6 37. Bc5+ Ke8 38. Ba4+ Kd8 39. Rg7 Bh7 40.
Rxh7 Bb4 41. Ba7 1-0

[Event "PokerStars Masters 2nd"]
[Site "Douglas"]
[Date "2015.10.11"]
[Round "9.22"]
[White "Houska, Jovanka"]
[Black "Neelotpal, Das"]
[Result "1-0"]
[WhiteElo "2372"]
[BlackElo "2465"]
[PlyCount "57"]
[EventDate "2015.10.03"]
[EventType "swiss"]
[EventRounds "9"]
[EventCountry "IOM"]
[SourceTitle "twic1065-1099"]
[Source "Mark Crowther"]
[SourceDate "2015.12.04"]
[SourceVersion "1"]
[SourceVersionDate "2015.12.04"]
[SourceQuality "1"]

1. d4 Nf6 2. Nf3 g6 3. c4 Bg7 4. g3 c6 5. Bg2 d5 6. Qb3 O-O 7. O-O Qb6 8. Nc3
Rd8 9. c5 Qxb3 10. axb3 Na6 11. Bf4 Nd7 12. Rfd1 Re8 13. h3 h6 14. g4 e5 15.
Nxe5 Naxc5 16. Nxd7 Nxd7 17. b4 g5 18. Bh2 Nb6 19. b5 Bf8 20. bxc6 bxc6 21.
Rdc1 f5 22. Bc7 Nd7 23. Nxd5 Bb7 24. Bh2 Rxe2 25. Nc7 Rb8 26. gxf5 Rxb2 27.
Rxa7 Bc8 28. Bxc6 Nf6 29. Nd5 1-0

[Event "PokerStars Masters 2nd"]
[Site "Douglas"]
[Date "2015.10.11"]
[Round "9.23"]
[White "Nakar, Eylon"]
[Black "Koop, Thorben"]
[Result "1-0"]
[WhiteElo "2463"]
[BlackElo "2407"]
[PlyCount "111"]
[EventDate "2015.10.03"]
[EventType "swiss"]
[EventRounds "9"]
[EventCountry "IOM"]
[SourceTitle "twic1065-1099"]
[Source "Mark Crowther"]
[SourceDate "2015.12.04"]
[SourceVersion "1"]
[SourceVersionDate "2015.12.04"]
[SourceQuality "1"]

1. e4 c5 2. Nf3 e6 3. d4 cxd4 4. Nxd4 Nf6 5. Nc3 Nc6 6. Ndb5 Bc5 7. Bf4 O-O 8.
Bc7 Qe7 9. Bd6 Bxd6 10. Qxd6 Qd8 11. O-O-O a6 12. Nd4 Ne8 13. Qg3 d5 14. exd5
exd5 15. Be2 Be6 16. Rhe1 Qb6 17. Nxe6 fxe6 18. Bg4 Nc7 19. Bxe6+ Nxe6 20. Rxe6
Rxf2 21. Nxd5 Qc5 22. Ne3 Rf7 23. Kb1 Raf8 24. a3 Ne7 25. Qd6 Qg5 26. Re5 Qg6
27. Re6 Qg5 28. Re5 Qg6 29. Qxg6 Nxg6 30. Re4 Rc7 31. Rd2 Ne7 32. b3 Nf5 33.
Rf2 Nd6 34. Rxf8+ Kxf8 35. Rf4+ Ke8 36. Kb2 Re7 37. Rf3 Kd8 38. a4 Kc8 39. Nd5
Re2 40. Nf4 Re7 41. Rg3 g6 42. Rd3 Nf5 43. a5 Re4 44. Nd5 Re2 45. g4 Ne7 46.
Nb6+ Kc7 47. Rh3 Nc6 48. Rxh7+ Kb8 49. Rh8+ Kc7 50. Rc8+ Kd6 51. Nc4+ Kd7 52.
Rg8 Nd4 53. Rg7+ Kc6 54. Rxg6+ Kc5 55. Na3 Rxh2 56. Rb6 1-0

[Event "PokerStars Masters 2nd"]
[Site "Douglas"]
[Date "2015.10.11"]
[Round "9.25"]
[White "Cherniaev, Alexander"]
[Black "Ambartsumova, Karina"]
[Result "1-0"]
[WhiteElo "2458"]
[BlackElo "2262"]
[PlyCount "79"]
[EventDate "2015.10.03"]
[EventType "swiss"]
[EventRounds "9"]
[EventCountry "IOM"]
[SourceTitle "twic1065-1099"]
[Source "Mark Crowther"]
[SourceDate "2015.12.04"]
[SourceVersion "1"]
[SourceVersionDate "2015.12.04"]
[SourceQuality "1"]

1. e4 c5 2. Nf3 e6 3. c3 d5 4. e5 d4 5. g3 Ne7 6. Bg2 Nbc6 7. O-O Nf5 8. d3 h5
9. c4 Be7 10. h4 b6 11. Na3 Bb7 12. Nc2 Qd7 13. Qe2 a6 14. b3 Bd8 15. a3 a5 16.
Bd2 Bc7 17. b4 axb4 18. axb4 Rxa1 19. Rxa1 cxb4 20. Nxb4 Na5 21. Rb1 O-O 22.
Ng5 g6 23. Nf3 Ra8 24. Bg5 Nc6 25. Nxc6 Bxc6 26. Bf6 Bd8 27. Bxd8 Qxd8 28. Ng5
Bxg2 29. Kxg2 Ra5 30. Nf3 Kg7 31. Qe4 Ra3 32. Qc6 Rxd3 33. Ra1 Rc3 34. Ng5 Qb8
35. Qd7 Nh6 36. Nxe6+ Kg8 37. Ra7 Rxc4 38. Qe7 Rc6 39. Nd8 Rc2 40. Nxf7 1-0